Panduan sembahyang lengkap (lelaki) / (Record no. 1252)

000 -LEADER
fixed length control field nam a22 a 4500
003 - CONTROL NUMBER IDENTIFIER
control field AKMAL
005 - DATE AND TIME OF LATEST TRANSACTION
control field 20170509082656.0
008 - FIXED-LENGTH DATA ELEMENTS--GENERAL INFORMATION
fixed length control field 170509s1996 my 00 may d
020 ## - INTERNATIONAL STANDARD BOOK NUMBER
International Standard Book Number 9839118331 (kkt.):
Terms of availability RM 4.50
039 #9 - LEVEL OF BIBLIOGRAPHIC CONTROL AND CODING DETAIL [OBSOLETE]
Level of rules in bibliographic description 200902161218
Level of effort used to assign nonsubject heading access points kik3856
Level of effort used to assign subject headings 200902101607
Level of effort used to assign classification kik3856
040 ## - CATALOGING SOURCE
Original cataloging agency AKMAL
082 04 - DEWEY DECIMAL CLASSIFICATION NUMBER
Classification number 297.52 AMA
090 00 - LOCALLY ASSIGNED LC-TYPE CALL NUMBER (OCLC); LOCAL CALL NUMBER (RLIN)
Classification number (OCLC) (R) ; Classification number, CALL (RLIN) (NR) 297.52
Local cutter number (OCLC) ; Book number/undivided call number, CALL (RLIN) AMA
100 0# - MAIN ENTRY--PERSONAL NAME
Personal name Amat Nasir Agale
9 (RLIN) 2493
245 10 - TITLE STATEMENT
Title Panduan sembahyang lengkap (lelaki) /
Statement of responsibility, etc. penulis Amat Nasir Agale
260 ## - PUBLICATION, DISTRIBUTION, ETC.
Place of publication, distribution, etc. Johor Bahru :
Name of publisher, distributor, etc. Perniagaan Jahabersa,
Date of publication, distribution, etc. 1996
300 00 - PHYSICAL DESCRIPTION
Extent 68ms. :
Other physical details il. ;
Dimensions 26cm
650 #0 - SUBJECT ADDED ENTRY--TOPICAL TERM
Topical term or geographic name entry element Prayer books
General subdivision Islam
9 (RLIN) 2332
650 #0 - SUBJECT ADDED ENTRY--TOPICAL TERM
Topical term or geographic name entry element Prayer
General subdivision Islam
9 (RLIN) 1518
650 #0 - SUBJECT ADDED ENTRY--TOPICAL TERM
Topical term or geographic name entry element Pillars of Islam
9 (RLIN) 893
856 4# - ELECTRONIC LOCATION AND ACCESS
Uniform Resource Identifier http://www.jahabersa.com.my/salat/panduan-sembahyang-lengkap-lelaki
Link text Kulit Depan & Ringkasan
942 ## - ADDED ENTRY ELEMENTS (KOHA)
Source of classification or shelving scheme
Koha item type Book
Holdings
Withdrawn status Lost status Source of classification or shelving scheme Damaged status Not for loan Collection code Home library Current library Shelving location Date acquired Inventory number Total Checkouts Full call number Barcode Date last seen Price effective from Koha item type
          FICTION AKMAL Melaka AKMAL Melaka PINJAMAN 09.05.2017 00516   297.52 AMA 201702408 09.05.2017 09.05.2017 Book
Pusat Sumber Maklumat Dato' Haji Sarmin Md Hussin, Akademi Kastam Diraja Malaysia, Melaka
Tel: 06-2331106 | Faks: 06-2313787